00485nam a2200157Ia 4500008004100000020001500041082001400056100002300070245007000093250000800163260003900171300002700210500001900237600002100256650005000277240925s9999 xx 000 0 und d a8177589938 a004.22STA aStallings, William 0aComputer Organization and Architecture: designing for performance a7th aIndia:bDorling Kindersleyc,2006. axix,582p.bNAfPirated aIncludes Index aComputer Science aComputer science, information & general works